Be - Hozier (All Lyrics) - Statistics

General Stats
  • This quiz has been taken 7 times
  • The average score is 381 of 419
Answer Stats
Lyrics % Correct
a
100%
Adam
100%
again
100%
always
100%
and
100%
And
100%
And,
100%
as
100%
at
100%
bars
100%
Be,
100%
be,
100%
be
100%
Be
100%
been
100%
been?
100%
came
100%
cool
100%
earth
100%
Eden
100%
feeling
100%
first
100%
for
100%
gates
100%
good
100%
I
100%
like
100%
loses
100%
love
100%
love,
100%
Love,
100%
(Lover,
100%
lover,
100%
me)
100%
me
100%
of
100%
Oh,
100%
on
100%
Peter
100%
same
100%
shock
100%
sin
100%
so
100%
St.
100%
sweet
100%
that
100%
That
100%
the
100%
to
100%
trembling
100%
was
100%
When
100%
when
100%
With
100%
you
100%
you've
100%
are
83%
Are
83%
Atlas
83%
atrocity
83%
beginnin'
83%
birds
83%
bodies
83%
border
83%
discovered
83%
do
83%
freed
83%
givin'
83%
hand
83%
have
83%
heard
83%
his
83%
hold
83%
hopeful
83%
is
83%
Is
83%
its
83%
It's
83%
kind
83%
left
83%
left,
83%
lets
83%
lost
83%
makes
83%
man
83%
master
83%
new
83%
no
83%
Or
83%
people
83%
receive
83%
rises
83%
sea
83%
shake
83%
side
83%
since
83%
singin'
83%
some
83%
starvin'
83%
their
83%
there
83%
TV
83%
upstairs
83%
us
83%
wall
83%
Which
83%
who
83%
will
83%
words
83%
acts
67%
all
67%
arms
67%
back
67%
boat
67%
born
67%
breaks
67%
cost?
67%
crossed
67%
fall
67%
fear
67%
gives
67%
gyre
67%
in
67%
land
67%
maggot,
67%
meet
67%
next
67%
nobody
67%
nothin'
67%
Once
67%
order
67%
rose
67%
'round
67%
sack
67%
sent
67%
slowin'
67%
suffers
67%
there's
67%
time
67%
troops
67%
wave
67%
we
67%
widens
67%
won't
67%
worst
67%
your
67%
barren
50%
bold
50%
deaf
50%
desolate
50%
disrepute
50%
every
50%
from
50%
grow
50%
hoarse
50%
laughter
50%
our
50%
root
50%
salts
50%
scorches
50%
shame
50%
stand
50%
voicin'
50%
weight
50%
hillside
33%
just
33%
really
33%
watches
33%
Ah,
17%
No matching quizzes found
Score Distribution
Percent of People with Each Score
Percentile by Number Answered
Your Score History
You have not taken this quiz